| 000 | 00000nas 2200000za 4500 |
| 001 | 9.826565 |
| 003 | CaOODSP |
| 005 | 20221107144621 |
| 007 | cr ||||||||||| |
| 008 | 161028c20099999onc|x mso f0###b0fre|d |
| 040 | |aCaOODSP|bfre |
| 043 | |an-cn--- |
| 086 | 1 |aCW65-1F-PDF |
| 130 | 0 |aLoi sur les espèces en péril, séries de politiques et de lignes directrices. |
| 245 | 00|aLoi sur les espèces en péril, séries de politiques et de lignes directrices |h[ressource électronique]. |
| 260 | |aOttawa : |bEnvironnement et Changement climatique Canada, |c[2009]- |
| 310 | |aIrrégulière. |
| 500 | |aPubli. aussi en anglais sous le titre : Species at Risk Act policies and guidelines series. |
| 692 | 07|2gccst|aPolitique |
| 692 | 07|2gccst|aEspèces menacée |
| 710 | 2 |aService canadien de la faune. |
| 775 | 08|tSpecies at Risk Act policies and guidelines series |w(CaOODSP)9.826561 |